Tribhuvan University Central Library

Textbook of medical microbiology. (Record no. 98101)

MARC details
000 -LEADER
fixed length control field 00608nam a22002177a 4500
008 - FIXED-LENGTH DATA ELEMENTS--GENERAL INFORMATION
fixed length control field 210203b xxu||||| |||| 00| 0 eng d
020 ## - INTERNATIONAL STANDARD BOOK NUMBER
International Standard Book Number 9789994616176
082 ## - DEWEY DECIMAL CLASSIFICATION NUMBER
Classification number 616.9041/G344t
100 ## - MAIN ENTRY--PERSONAL NAME
Personal name Ghimire, Prakash
245 ## - TITLE STATEMENT
Title Textbook of medical microbiology.
260 ## - PUBLICATION, DISTRIBUTION, ETC.
Place of publication, distribution, etc. Kathmandu:
Name of publisher, distributor, etc. Vidyarthi Pustak Bhandar,
Date of publication, distribution, etc. 2006.
300 ## - PHYSICAL DESCRIPTION
Extent 419p. ; illus.
504 ## - BIBLIOGRAPHY, ETC. NOTE
Bibliography, etc. note Bibliography:p.419.
650 ## - SUBJECT ADDED ENTRY--TOPICAL TERM
Topical term or geographic name entry element Microbiology
650 ## - SUBJECT ADDED ENTRY--TOPICAL TERM
Topical term or geographic name entry element Bacteriology
9 (RLIN) 9427
650 ## - SUBJECT ADDED ENTRY--TOPICAL TERM
Topical term or geographic name entry element Parasitology
650 ## - SUBJECT ADDED ENTRY--TOPICAL TERM
Topical term or geographic name entry element Virology
9 (RLIN) 9428
650 ## - SUBJECT ADDED ENTRY--TOPICAL TERM
Topical term or geographic name entry element Bacteriology.
9 (RLIN) 9427
700 ## - ADDED ENTRY--PERSONAL NAME
Personal name Parajuli, Keshab.
9 (RLIN) 35869
942 ## - ADDED ENTRY ELEMENTS (KOHA)
Source of classification or shelving scheme Dewey Decimal Classification
Koha item type ISBN
Holdings
Withdrawn status Lost status Source of classification or shelving scheme Damaged status Not for loan Home library Current library Date acquired Total Checkouts Full call number Barcode Date last seen Price effective from Koha item type
    Dewey Decimal Classification     Tribhuvan University Central Library Tribhuvan University Central Library 02/03/2021   616.9041/G344t IS18704 02/03/2021 02/03/2021 ISBN